Normal view
MARC view
- RENEWABLE ENERGY SOURCES.RENEWABLE ENERGY SYSTEMS
Entry Topical Term
001 - CONTROL NUMBER
- control field: 58654
003 - CONTROL NUMBER IDENTIFIER
- control field: NUST
005 - DATE AND TIME OF LATEST TRANSACTION
- control field: 20210628202203.0
008 - FIXED-LENGTH DATA ELEMENTS
- fixed length control field: 210628|| aca||aabn | a|a d
040 ## - CATALOGING SOURCE
- Original cataloging agency: NUST
- Transcribing agency: NUST
150 ## - HEADING--TOPICAL TERM
- Topical term or geographic name entry element: RENEWABLE ENERGY SOURCES.RENEWABLE ENERGY SYSTEMS
670 ## - SOURCE DATA FOUND
- Source citation: Work cat.: (NUST): Simoes , M. Godoy ,Farret , Felix . A 58653, Renewable energy systems ,design and analysis with induction generators, 2004
